[Event "Karposh Open  2012"]
[Site "Skopje MKD"]
[Date "2012.04.13"]
[Round "8.18"]
[White "Dancevski, Orce"]
[Black "Todorovic, Goran M"]
[Result "1/2-1/2"]
[WhiteElo "2380"]
[BlackElo "2499"]
[PlyCount "84"]
[EventDate "2012.04.07"]
[EventType "swiss"]
[EventRounds "9"]
[Source "lmi"]
[SourceDate "2012.04.07"]

1. d4 d5 2. c4 e6 3. Nf3 Nf6 4. g3 dxc4 5. Bg2 b5 6. Ne5 Nd5 7. e4 Nf6 8. O-O
Bb7 9. d5 Bd6 10. Nxf7 Kxf7 11. dxe6+ Kxe6 12. e5 Bxg2 13. exf6 Qxf6 14. Kxg2
Qf5 15. Nc3 Nd7 16. a4 Nc5 17. Qe2+ Kf7 18. axb5 Nd3 19. Qf3 Qxf3+ 20. Kxf3
Rhe8 21. Ra4 h5 22. Kg2 Re1 23. Be3 Rxf1 24. Kxf1 Nxb2 25. Ra2 Nd3 26. Ra4 Nb2
27. Ra2 Nd3 28. Ra4 Ne5 29. f4 Nd3 30. Rxc4 a5 31. Na4 Ke6 32. b6 cxb6 33. Re4+
Kf7 34. Rd4 Nc5 35. Nxb6 Re8 36. Rxd6 Rxe3 37. Nc4 Rc3 38. Nxa5 h4 39. Rc6 hxg3
40. hxg3 g5 41. Nb7 gxf4 42. Nxc5 fxg3 1/2-1/2

[Event "Karposh Open  2012"]
[Site "Skopje MKD"]
[Date "2012.04.13"]
[Round "8.19"]
[White "Likavsky, Tomas"]
[Black "Kastelic, Marian"]
[Result "1-0"]
[WhiteElo "2486"]
[BlackElo "2286"]
[PlyCount "87"]
[EventDate "2012.04.07"]
[EventType "swiss"]
[EventRounds "9"]
[Source "lmi"]
[SourceDate "2012.04.07"]

1. d4 Nf6 2. c4 e6 3. g3 d5 4. Bg2 Nbd7 5. Nf3 Bb4+ 6. Nbd2 dxc4 7. a3 Bxd2+ 8.
Nxd2 Nb6 9. Nxc4 O-O 10. Ne5 Nfd7 11. Nxd7 Qxd7 12. O-O Rd8 13. Bf4 Nd5 14. Bg5
f6 15. Bd2 f5 16. Qb3 b6 17. e4 fxe4 18. Bxe4 Ba6 19. Rfe1 Rab8 20. Rac1 c5 21.
Bg5 c4 22. Qc2 Nf6 23. Bxf6 gxf6 24. Rcd1 b5 25. d5 e5 26. Bf5 Qg7 27. Re4 Bc8
28. Rg4 Qxg4 29. Bxg4 Bxg4 30. Rd2 Rd6 31. Qe4 Bh5 32. f4 Re8 33. fxe5 fxe5 34.
Qe3 Bg6 35. Qc5 Red8 36. Qxb5 Bd3 37. Qc5 Rxd5 38. Qxa7 e4 39. Rf2 R5d7 40. Qc5
Rd5 41. Qe7 R5d7 42. Qe6+ Kh8 43. Qf6+ Kg8 44. Rf4 1-0

[Event "Karposh Open  2012"]
[Site "Skopje MKD"]
[Date "2012.04.13"]
[Round "8.20"]
[White "Pancevski, Filip"]
[Black "Ratkovic, Milovan"]
[Result "1-0"]
[WhiteElo "2470"]
[BlackElo "2183"]
[PlyCount "71"]
[EventDate "2012.04.07"]
[EventType "swiss"]
[EventRounds "9"]
[Source "lmi"]
[SourceDate "2012.04.07"]

1. e4 c6 2. Nc3 d5 3. d3 e5 4. Nf3 d4 5. Ne2 Bg4 6. Nd2 Bd6 7. g3 h5 8. h3 Be6
9. Bg2 Nh6 10. f4 exf4 11. Nxd4 Bc8 12. Qxh5 fxg3 13. c3 g6 14. Qf3 Nd7 15. Nc4
Ne5 16. Nxe5 Bxe5 17. Ne2 Be6 18. d4 Bf6 19. O-O Ng8 20. Nf4 Qc7 21. d5 Bd7 22.
Be3 g5 23. dxc6 gxf4 24. cxd7+ Qxd7 25. Bxf4 Be7 26. Rad1 Bc5+ 27. Be3 Bxe3+
28. Qxe3 Qc7 29. e5 Ne7 30. Qxg3 Ng6 31. Qg5 Qc5+ 32. Kh1 Rh7 33. Qg3 Rd8 34.
Rxd8+ Kxd8 35. e6 Qe7 36. Qb8# 1-0

[Event "Karposh Open  2012"]
[Site "Skopje MKD"]
[Date "2012.04.13"]
[Round "8.22"]
[White "Drljevic, Ljilja"]
[Black "Damljanovic, Branko"]
[Result "0-1"]
[WhiteElo "2278"]
[BlackElo "2582"]
[PlyCount "94"]
[EventDate "2012.04.07"]
[EventType "swiss"]
[EventRounds "9"]
[Source "lmi"]
[SourceDate "2012.04.07"]

1. e4 c5 2. Nf3 d6 3. d3 Nc6 4. g3 g6 5. Bg2 Bg7 6. O-O e5 7. c3 Nge7 8. a3 O-O
9. b4 b6 10. Bb2 h6 11. b5 Na5 12. c4 Be6 13. Nc3 Qd7 14. Re1 Bg4 15. Ra2 Rae8
16. a4 a6 17. bxa6 Nac6 18. Nb5 Ra8 19. Bc3 Rxa6 20. Qe2 Rfa8 21. Rea1 Nd4 22.
Bxd4 cxd4 23. h3 Be6 24. Nd2 Nc6 25. Nb3 h5 26. Qe1 Qd8 27. Ra3 h4 28. g4 Bh6
29. R1a2 f6 30. Na1 Bf7 31. Nc2 Be8 32. Ra1 Ra5 33. R3a2 Rb8 34. Bf3 Rb7 35.
Rb1 Bf8 36. Na1 Qa8 37. Bd1 Nd8 38. Bb3 Kg7 39. Nc2 Ne6 40. Nb4 Qd8 41. Nd5 Nc5
42. Bc2 f5 43. f3 fxg4 44. fxg4 Be7 45. Nxe7 Qxe7 46. Qd2 Rb8 47. Rf1 Rba8 0-1

[Event "Karposh Open  2012"]
[Site "Skopje MKD"]
[Date "2012.04.13"]
[Round "8.23"]
[White "Saric, Sinisa"]
[Black "Markidis, Konstantinos"]
[Result "1-0"]
[WhiteElo "2480"]
[BlackElo "2284"]
[PlyCount "79"]
[EventDate "2012.04.07"]
[EventType "swiss"]
[EventRounds "9"]
[Source "lmi"]
[SourceDate "2012.04.07"]

1. d4 e6 2. c4 Bb4+ 3. Nc3 c5 4. d5 Bxc3+ 5. bxc3 Qa5 6. e4 Nf6 7. Bd2 O-O 8.
e5 Ne4 9. d6 Nc6 10. Nf3 f5 11. Bd3 Qd8 12. Qe2 b6 13. Bxe4 fxe4 14. Qxe4 Bb7
15. Ng5 Rf5 16. f4 h6 17. Nf3 Na5 18. Qd3 Ba6 19. g4 Bxc4 20. Qc2 Rf8 21. f5
Bd5 22. O-O exf5 23. gxf5 Qe8 24. Qd3 Bxf3 25. Rxf3 Qxe5 26. Re1 Qf6 27. Rg3
Nc6 28. Rf1 Rae8 29. Qd5+ Kh7 30. Rg6 Qf7 31. Qg2 Ne5 32. Rg3 Qf6 33. Kh1 Rf7
34. Rg1 Kh8 35. Bxh6 Qxh6 36. Rh3 Qxh3 37. Qxh3+ Kg8 38. Qh5 Ref8 39. f6 Nc6
40. Qh6 1-0

[Event "Karposh Open  2012"]
[Site "Skopje MKD"]
[Date "2012.04.13"]
[Round "8.24"]
[White "Potapov, Pavel"]
[Black "Dobrotka, Martin"]
[Result "1-0"]
[WhiteElo "2473"]
[BlackElo "2259"]
[PlyCount "55"]
[EventDate "2012.04.07"]
[EventType "swiss"]
[EventRounds "9"]
[Source "lmi"]
[SourceDate "2012.04.07"]

1. e4 b6 2. d4 e6 3. Bd3 c5 4. c3 Ba6 5. Ne2 Qc8 6. O-O Nf6 7. d5 Bxd3 8. Qxd3
c4 9. Qf3 Na6 10. Bf4 Nc5 11. Nd2 Nd3 12. b3 Nxf4 13. Qxf4 Qb8 14. Qxb8+ Rxb8
15. bxc4 e5 16. Nc1 Bc5 17. Nd3 d6 18. a4 a5 19. Rab1 Ke7 20. Nxc5 dxc5 21. f4
Nd7 22. Nf3 exf4 23. e5 h6 24. Rbe1 Rhe8 25. g3 fxg3 26. hxg3 Kf8 27. e6 Nf6
28. Ne5 1-0

[Event "Karposh Open  2012"]
[Site "Skopje MKD"]
[Date "2012.04.13"]
[Round "8.25"]
[White "Nestorovic, Nikola"]
[Black "Dastan, Muhammed Batuhan"]
[Result "0-1"]
[WhiteElo "2462"]
[BlackElo "2239"]
[PlyCount "68"]
[EventDate "2012.04.07"]
[EventType "swiss"]
[EventRounds "9"]
[Source "lmi"]
[SourceDate "2012.04.07"]

1. e4 c5 2. Nf3 d6 3. d4 cxd4 4. Nxd4 Nf6 5. Nc3 a6 6. Be2 e5 7. Nb3 Be7 8. g4
h6 9. Be3 Be6 10. Bf3 Nbd7 11. Qe2 Nb6 12. Na5 Nbd7 13. Nb3 Nb6 14. O-O-O Nc4
15. h4 Nd7 16. h5 Nxe3 17. fxe3 b5 18. Nd5 Bg5 19. Kb1 O-O 20. Nd2 Nb6 21. Nf1
Nc4 22. Ng3 Bxd5 23. exd5 Nxe3 24. Rd3 Qb6 25. Be4 Rfc8 26. c3 Rab8 27. Re1 Nc4
28. a3 a5 29. Ka2 b4 30. cxb4 axb4 31. Bf5 Rc7 32. Rb3 Nd2 33. Bd3 Nxb3 34. Qe4
Nc1+ 0-1

[Event "Karposh Open  2012"]
[Site "Skopje MKD"]
[Date "2012.04.13"]
[Round "8.26"]
[White "Ratkovic, Miloje"]
[Black "Arsovic, Goran"]
[Result "1/2-1/2"]
[WhiteElo "2186"]
[BlackElo "2422"]
[PlyCount "78"]
[EventDate "2012.04.07"]
[EventType "swiss"]
[EventRounds "9"]
[Source "lmi"]
[SourceDate "2012.04.07"]

1. d4 Nf6 2. Nf3 g6 3. Nc3 d5 4. Bf4 Bg7 5. e3 O-O 6. Be2 c5 7. O-O cxd4 8.
exd4 Qb6 9. Na4 Qa5 10. Nc5 Qd8 11. Re1 Nfd7 12. Nxd7 Bxd7 13. Ne5 Nc6 14. Bf3
Nxe5 15. Bxe5 Bc6 16. Bxg7 Kxg7 17. Qd2 Qd6 18. Qe3 Rae8 19. h4 f6 20. Rad1 a6
21. Qe6 Qxe6 22. Rxe6 Bd7 23. Rb6 Bc6 24. c4 e6 25. b4 Rb8 26. b5 axb5 27. cxb5
Bd7 28. a4 Kf7 29. a5 Rfc8 30. Rb1 Ke7 31. Re1 Kd8 32. Rd6 Kc7 33. Rdxe6 Bxe6
34. Rxe6 Ra8 35. a6 bxa6 36. bxa6 Rd8 37. Rxf6 Rd6 38. Rf7+ Rd7 39. Rf6 Rd6
1/2-1/2

[Event "Karposh Open  2012"]
[Site "Skopje MKD"]
[Date "2012.04.13"]
[Round "8.27"]
[White "Pacher, Milan"]
[Black "Draskovic, Luka"]
[Result "1/2-1/2"]
[WhiteElo "2402"]
[BlackElo "2212"]
[PlyCount "41"]
[EventDate "2012.04.07"]
[EventType "swiss"]
[EventRounds "9"]
[Source "lmi"]
[SourceDate "2012.04.07"]

1. d4 Nf6 2. c4 e6 3. Nf3 b6 4. g3 Ba6 5. Qc2 c5 6. Bg2 Bb7 7. d5 exd5 8. cxd5
Nxd5 9. O-O Be7 10. Qe4 Bc6 11. Ne5 Nf6 12. Nxc6 Nxc6 13. Qa4 O-O 14. Nc3 Qc8
15. Rd1 a6 16. Bf4 b5 17. Qc2 Ra7 18. Rac1 Re8 19. Qd2 c4 20. Bh3 Bb4 21. f3
1/2-1/2

[Event "Karposh Open  2012"]
[Site "Skopje MKD"]
[Date "2012.04.13"]
[Round "8.29"]
[White "Menkinoski, Riste"]
[Black "Ilic, Ljubomir"]
[Result "1-0"]
[WhiteElo "2369"]
[BlackElo "2199"]
[PlyCount "65"]
[EventDate "2012.04.07"]
[EventType "swiss"]
[EventRounds "9"]
[Source "lmi"]
[SourceDate "2012.04.07"]

1. d4 c5 2. d5 Nf6 3. Nf3 b5 4. a4 b4 5. c4 g6 6. Nbd2 d6 7. h3 Bg7 8. g3 O-O
9. Bg2 a5 10. O-O Ra7 11. Re1 e5 12. dxe6 fxe6 13. Nb3 Qb6 14. Bf4 Rd7 15. Qc2
Nc6 16. Rad1 e5 17. Bg5 Nd4 18. Nfxd4 exd4 19. e3 dxe3 20. Rxe3 Bb7 21. Bxb7
Qxb7 22. Bf4 Qc6 23. Nxa5 Qa6 24. Nb3 Qxa4 25. Rxd6 Nh5 26. Rxd7 Qxd7 27. Nxc5
Qxh3 28. Ne6 Ra8 29. Re1 Re8 30. Qe4 Bxb2 31. Qd5 Nf6 32. Ng5+ Nxd5 33. Rxe8+
1-0

[Event "Karposh Open  2012"]
[Site "Skopje MKD"]
[Date "2012.04.13"]
[Round "8.31"]
[White "Djingarova, Emilia"]
[Black "Koksal, Ege"]
[Result "0-1"]
[WhiteElo "2296"]
[BlackElo "2154"]
[PlyCount "84"]
[EventDate "2012.04.07"]
[EventType "swiss"]
[EventRounds "9"]
[Source "lmi"]
[SourceDate "2012.04.07"]

1. e4 e5 2. Nf3 Nc6 3. Bc4 Bc5 4. O-O Nf6 5. d3 O-O 6. c3 d6 7. h3 a6 8. Bb3
Ba7 9. Re1 Ne7 10. Nbd2 Ng6 11. Nf1 Nh5 12. Bg5 Qe8 13. Nh4 Nhf4 14. Nf5 h6 15.
Bxf4 Nxf4 16. N1g3 Qd8 17. Qg4 g6 18. d4 Kh7 19. dxe5 dxe5 20. Rad1 Qf6 21. Qh4
Qxh4 22. Nxh4 Ne6 23. Rd5 Nc5 24. Bc2 Be6 25. Rd2 a5 26. Nf3 f6 27. b4 axb4 28.
cxb4 Na6 29. a3 Nb8 30. Red1 h5 31. Ne2 Nc6 32. Nc3 Bb6 33. Nb5 Kh6 34. Bd3 g5
35. Bf1 g4 36. hxg4 hxg4 37. Nh4 g3 38. Nf5+ Bxf5 39. exf5 gxf2+ 40. Rxf2 Bxf2+
41. Kxf2 Nd4 42. Nxd4 exd4 0-1

[Event "Karposh Open  2012"]
[Site "Skopje MKD"]
[Date "2012.04.13"]
[Round "8.32"]
[White "Raeva, Elitsa"]
[Black "Nikolovski, Nikola"]
[Result "1-0"]
[WhiteElo "2292"]
[BlackElo "1887"]
[PlyCount "51"]
[EventDate "2012.04.07"]
[EventType "swiss"]
[EventRounds "9"]
[Source "lmi"]
[SourceDate "2012.04.07"]

1. d4 Nf6 2. c4 g6 3. Nc3 Bg7 4. e4 d6 5. f3 O-O 6. Bg5 c5 7. d5 h6 8. Be3 Qa5
9. Qd2 Kh7 10. Nge2 a6 11. Nc1 Nbd7 12. Be2 Rb8 13. a4 Ne5 14. O-O Qb4 15. a5
Bd7 16. Nd3 Nxd3 17. Bxd3 b6 18. axb6 Rxb6 19. Rfb1 Rfb8 20. Qe2 Ra8 21. Na2
Qa5 22. Bd2 Qa4 23. Nc1 Qxa1 24. Rxa1 Rxb2 25. Qe1 Nxd5 26. exd5 1-0

[Event "Karposh Open  2012"]
[Site "Skopje MKD"]
[Date "2012.04.13"]
[Round "8.33"]
[White "Semsiu, Agim"]
[Black "Smith, Bryan G"]
[Result "0-1"]
[WhiteElo "1988"]
[BlackElo "2450"]
[PlyCount "32"]
[EventDate "2012.04.07"]
[EventType "swiss"]
[EventRounds "9"]
[Source "lmi"]
[SourceDate "2012.04.07"]

1. e4 Nf6 2. Nc3 d5 3. e5 Nfd7 4. d4 c5 5. Nf3 cxd4 6. Qxd4 e6 7. Bb5 Nc6 8.
Bxc6 bxc6 9. O-O c5 10. Qg4 g6 11. Re1 Bb7 12. Ng5 Bg7 13. Bf4 Qb6 14. Rab1 h6
15. Nf3 Qc6 16. h4 O-O-O 0-1

[Event "Karposh Open  2012"]
[Site "Skopje MKD"]
[Date "2012.04.13"]
[Round "8.34"]
[White "Dinev, Dejan"]
[Black "Mitkovski, Zarko"]
[Result "1-0"]
[WhiteElo "2373"]
[BlackElo "2185"]
[PlyCount "91"]
[EventDate "2012.04.07"]
[EventType "swiss"]
[EventRounds "9"]
[Source "lmi"]
[SourceDate "2012.04.07"]

1. e4 c5 2. Nc3 g6 3. f4 Bg7 4. Nf3 Nc6 5. Bc4 d6 6. O-O e6 7. d3 Nge7 8. Qe1
Nd4 9. Nxd4 cxd4 10. Ne2 O-O 11. Bb3 Bd7 12. f5 exf5 13. Qh4 Nc6 14. Bg5 Qa5
15. Ng3 Be6 16. exf5 Bxb3 17. axb3 Qd5 18. f6 Bh8 19. Qh6 Nd8 20. Rf3 Ne6 21.
Bh4 Rfe8 22. Nf5 Nf8 23. Ne7+ Rxe7 24. fxe7 Nd7 25. Rxa7 Re8 26. Qf4 Ne5 27.
Rf2 f5 28. h3 Bg7 29. Qd2 h6 30. Ra5 Qc6 31. b4 b6 32. Ra7 Kf7 33. Qe2 h5 34.
Bg5 Bf6 35. Bxf6 Kxf6 36. Qe4 Rxe7 37. Rxe7 Kxe7 38. Qxd4 Kf7 39. c4 Qa4 40.
Qxd6 Qd1+ 41. Rf1 Qe2 42. Qd5+ Kg7 43. Qd4 Kf7 44. c5 Nxd3 45. cxb6 Ne1 46. Qf2
1-0

[Event "Karposh Open  2012"]
[Site "Skopje MKD"]
[Date "2012.04.13"]
[Round "8.35"]
[White "Muratet Casadevall, Albert"]
[Black "Stojcevski, Zoran"]
[Result "1-0"]
[WhiteElo "2185"]
[BlackElo "2346"]
[PlyCount "43"]
[EventDate "2012.04.07"]
[EventType "swiss"]
[EventRounds "9"]
[Source "lmi"]
[SourceDate "2012.04.07"]

1. e4 e5 2. Nc3 Bc5 3. Nf3 d6 4. d4 exd4 5. Nxd4 Nc6 6. Be3 Bb4 7. Qd2 Nf6 8.
f3 O-O 9. O-O-O Nxd4 10. Bxd4 Be6 11. Kb1 Nd7 12. Bxg7 Re8 13. Qh6 f6 14. Nd5
Bxd5 15. Rxd5 Re6 16. Rh5 Kf7 17. Bc4 Qg8 18. Rg5 Ke7 19. Bf8+ Qxf8 20. Rg7+
Kd8 21. Bxe6 Nc5 22. Rg8 1-0

[Event "Karposh Open  2012"]
[Site "Skopje MKD"]
[Date "2012.04.13"]
[Round "8.36"]
[White "Zupe, Miran"]
[Black "Stamnov, Aleksander"]
[Result "1/2-1/2"]
[WhiteElo "2336"]
[BlackElo "2184"]
[PlyCount "39"]
[EventDate "2012.04.07"]
[EventType "swiss"]
[EventRounds "9"]
[Source "lmi"]
[SourceDate "2012.04.07"]

1. e4 e5 2. Nf3 Nc6 3. Bb5 a6 4. Ba4 Nf6 5. O-O Nxe4 6. d4 b5 7. Bb3 d5 8. dxe5
Be6 9. Nbd2 Nc5 10. c3 Be7 11. Bc2 d4 12. cxd4 Nxd4 13. Nxd4 Qxd4 14. Nf3 Qxd1
15. Rxd1 O-O 16. Nd4 Rfd8 17. Be3 Bd5 18. b3 g6 19. f3 Ne6 20. Kf2 1/2-1/2

[Event "Karposh Open  2012"]
[Site "Skopje MKD"]
[Date "2012.04.13"]
[Round "8.39"]
[White "Veleski, Robert"]
[Black "Okilj, Tigran"]
[Result "1-0"]
[WhiteElo "2267"]
[BlackElo "2083"]
[PlyCount "81"]
[EventDate "2012.04.07"]
[EventType "swiss"]
[EventRounds "9"]
[Source "lmi"]
[SourceDate "2012.04.07"]

1. c4 Nf6 2. Nc3 g6 3. g3 Bg7 4. Bg2 O-O 5. d3 d6 6. e3 e5 7. Nge2 c6 8. O-O a5
9. Rb1 Bg4 10. a3 Qd7 11. b4 axb4 12. axb4 Bh3 13. b5 Bxg2 14. Kxg2 Nh5 15. e4
f5 16. f3 Qf7 17. Qb3 Nd7 18. Ba3 c5 19. Nd5 Nhf6 20. Nec3 Nxd5 21. Nxd5 Nf6
22. Nb6 Ra7 23. Bb2 Bh6 24. Na4 g5 25. Nc3 g4 26. Qd1 Qh5 27. exf5 Qh3+ 28. Kh1
gxf3 29. Rxf3 Ng4 30. Qe2 Ne3 31. g4 Qxg4 32. Rg1 Qxg1+ 33. Kxg1 Nxf5 34. Qe4
Bf4 35. Rxf4 exf4 36. Nd5 Nd4 37. Bxd4 cxd4 38. Qe7 Rf7 39. Nf6+ Kg7 40. Nh5+
Kg8 41. Qg5+ 1-0

[Event "Karposh Open  2012"]
[Site "Skopje MKD"]
[Date "2012.04.13"]
[Round "8.40"]
[White "Ilic, Zoran"]
[Black "Minas, Ioannis"]
[Result "1-0"]
[WhiteElo "2252"]
[BlackElo "1930"]
[PlyCount "28"]
[EventDate "2012.04.07"]
[EventType "swiss"]
[EventRounds "9"]
[Source "lmi"]
[SourceDate "2012.04.07"]

1. c4 Nf6 2. Nc3 e6 3. g3 c5 4. Bg2 Nc6 5. e4 e5 6. Nge2 Be7 7. O-O O-O 8. f4
d6 9. h3 a6 10. a4 Nd4 11. d3 Ne8 12. f5 Bg5 13. Nd5 Rb8 14. Nec3 Nc7 1-0

[Event "Karposh Open  2012"]
[Site "Skopje MKD"]
[Date "2012.04.13"]
[Round "8.42"]
[White "Vukovic, Ivo"]
[Black "Orehek, Spela"]
[Result "1/2-1/2"]
[WhiteElo "2229"]
[BlackElo "1992"]
[PlyCount "40"]
[EventDate "2012.04.07"]
[EventType "swiss"]
[EventRounds "9"]
[Source "lmi"]
[SourceDate "2012.04.07"]

1. Nf3 Nf6 2. g3 d5 3. Bg2 c6 4. b3 Bg4 5. Bb2 Nbd7 6. O-O e6 7. d4 Bd6 8. Nbd2
O-O 9. Re1 h6 10. Ne5 Bf5 11. a3 a5 12. Nxd7 Qxd7 13. c4 Rfe8 14. e4 Nxe4 15.
Nxe4 Bxe4 16. Bxe4 dxe4 17. Rxe4 Be7 18. Qc2 Bf6 19. Rd1 Red8 20. Ree1 Qc7
1/2-1/2

[Event "Karposh Open  2012"]
[Site "Skopje MKD"]
[Date "2012.04.13"]
[Round "8.43"]
[White "Markovski, Velo"]
[Black "Stojanovic, Andjelija"]
[Result "0-1"]
[WhiteElo "2040"]
[BlackElo "2324"]
[PlyCount "88"]
[EventDate "2012.04.07"]
[EventType "swiss"]
[EventRounds "9"]
[Source "lmi"]
[SourceDate "2012.04.07"]

1. e4 d6 2. d4 Nf6 3. Nc3 e5 4. dxe5 dxe5 5. Qxd8+ Kxd8 6. Bg5 Nbd7 7. Bc4 Ke8
8. O-O-O c6 9. f3 b5 10. Bb3 Bc5 11. Nh3 Nb6 12. Rhf1 a5 13. a4 b4 14. Nb1 Bxh3
15. gxh3 Nh5 16. Nd2 f6 17. Bh4 Nf4 18. Nc4 Nxc4 19. Bxc4 Ke7 20. Bg3 Nxh3 21.
c3 bxc3 22. bxc3 Rhd8 23. Kc2 Ng5 24. f4 Rxd1 25. Rxd1 exf4 26. Bxf4 Ne6 27.
Bg3 g5 28. Rb1 Rd8 29. Rb7+ Rd7 30. Rb8 Bd6 31. Bxd6+ Kxd6 32. Bxe6 Kxe6 33.
Ra8 Ke5 34. Rxa5+ Kxe4 35. Ra8 f5 36. a5 f4 37. a6 Kf3 38. Rc8 g4 39. Rxc6 Kg2
40. Rc4 g3 41. hxg3 f3 42. Ra4 Ra7 43. Kd3 f2 44. Ra2 Rxa6 0-1

[Event "Karposh Open  2012"]
[Site "Skopje MKD"]
[Date "2012.04.13"]
[Round "8.44"]
[White "Hadzi - Manev, Ljubomir"]
[Black "Vasovski, Nikola"]
[Result "1/2-1/2"]
[WhiteElo "2067"]
[BlackElo "2279"]
[PlyCount "47"]
[EventDate "2012.04.07"]
[EventType "swiss"]
[EventRounds "9"]
[Source "lmi"]
[SourceDate "2012.04.07"]

1. b3 c5 2. Bb2 Nc6 3. Nf3 d5 4. e3 Nf6 5. Bb5 g6 6. O-O Bg7 7. d4 Ne4 8. Ne5
Qc7 9. f3 Nd6 10. Bxc6+ bxc6 11. Re1 O-O 12. Nc3 Nf5 13. Na4 cxd4 14. exd4 h5
15. Nc5 Kh7 16. Qe2 Bh6 17. Qf2 a5 18. a4 Ng7 19. Bc1 Bxc1 20. Raxc1 Ne6 21.
Ned3 Ra7 22. Qg3 Nxc5 23. Nxc5 Bf5 24. Re2 1/2-1/2

[Event "Karposh Open  2012"]
[Site "Skopje MKD"]
[Date "2012.04.13"]
[Round "8.45"]
[White "Vlashki, Nino"]
[Black "Kukov, Tode"]
[Result "1/2-1/2"]
[WhiteElo "2258"]
[BlackElo "2112"]
[PlyCount "91"]
[EventDate "2012.04.07"]
[EventType "swiss"]
[EventRounds "9"]
[Source "lmi"]
[SourceDate "2012.04.07"]

1. g3 g6 2. Bg2 Bg7 3. d3 Nf6 4. Nf3 O-O 5. O-O d6 6. e4 c5 7. Nc3 Nc6 8. Re1
Ne8 9. Be3 Nc7 10. Qd2 Rb8 11. Bh6 b5 12. a3 a5 13. h3 b4 14. axb4 axb4 15.
Bxg7 Kxg7 16. Nd5 Be6 17. Nf4 Bd7 18. c3 e5 19. Nd5 Nxd5 20. exd5 bxc3 21. bxc3
Ne7 22. d4 cxd4 23. cxd4 f6 24. Ra7 Nc8 25. Ra6 Rb6 26. Ra8 Qc7 27. dxe5 dxe5
28. g4 Qb7 29. Ra2 h6 30. Rea1 Rb1+ 31. Rxb1 Qxb1+ 32. Kh2 Qb8 33. Rb2 Qd6 34.
Kg1 Rf7 35. Ne1 Be8 36. Nd3 Ra7 37. Qb4 Bf7 38. Qxd6 Nxd6 39. Rb6 Rd7 40. Nc5
Rd8 41. Ra6 Kf8 42. h4 Ke7 43. h5 gxh5 44. gxh5 f5 45. Ne6 Rd7 46. Ra8 1/2-1/2

[Event "Karposh Open  2012"]
[Site "Skopje MKD"]
[Date "2012.04.13"]
[Round "8.46"]
[White "Arizanov, Tome"]
[Black "Djukic, Sandra"]
[Result "0-1"]
[WhiteElo "2108"]
[BlackElo "2203"]
[PlyCount "33"]
[EventDate "2012.04.07"]
[EventType "swiss"]
[EventRounds "9"]
[Source "lmi"]
[SourceDate "2012.04.07"]

1. Nf3 d6 2. g3 g6 3. Bg2 Bg7 4. d3 e5 5. O-O Ne7 6. Na3 O-O 7. c4 Nbc6 8. Nc2
h6 9. Rb1 Be6 10. b4 Qd7 11. b5 Nd8 12. Nfe1 Kh7 13. a4 Rc8 14. a5 f5 15. Be3
b6 16. a6 Ng8 17. f3 0-1

[Event "Karposh Open  2012"]
[Site "Skopje MKD"]
[Date "2012.04.13"]
[Round "8.47"]
[White "Glavinac, Goran"]
[Black "Savoglou, Nikolaos"]
[Result "1/2-1/2"]
[WhiteElo "2201"]
[BlackElo "2055"]
[PlyCount "79"]
[EventDate "2012.04.07"]
[EventType "swiss"]
[EventRounds "9"]
[Source "lmi"]
[SourceDate "2012.04.07"]

1. Nf3 Nf6 2. c4 e6 3. Nc3 Bb4 4. Qc2 O-O 5. a3 Bxc3 6. Qxc3 b6 7. e3 Bb7 8.
Be2 d6 9. O-O Nbd7 10. b4 a5 11. Bb2 axb4 12. axb4 c5 13. Rxa8 Qxa8 14. Ra1 Qb8
15. Ne1 e5 16. Nf3 Qc7 17. d4 exd4 18. exd4 Ra8 19. Rxa8+ Bxa8 20. d5 Qd8 21.
b5 Bb7 22. Ng5 Qe8 23. Kf1 Qe5 24. Qd2 Qxh2 25. Nh3 Ne5 26. Qe3 h6 27. Ng1 Bc8
28. Qa3 Bf5 29. Qa8+ Kh7 30. Qd8 Be4 31. f3 Bd3 32. Qxd6 Bxe2+ 33. Nxe2 Nxf3
34. Qxh2 Nxh2+ 35. Kf2 Nhg4+ 36. Kf3 h5 37. Ng3 Kg6 38. Kf4 Nd7 39. Nf5 f6 40.
Nd6 1/2-1/2

[Event "Karposh Open  2012"]
[Site "Skopje MKD"]
[Date "2012.04.13"]
[Round "8.48"]
[White "Krstev, Emil"]
[Black "Temkov, Blagoja"]
[Result "0-1"]
[WhiteElo "2173"]
[BlackElo "1952"]
[PlyCount "38"]
[EventDate "2012.04.07"]
[EventType "swiss"]
[EventRounds "9"]
[Source "lmi"]
[SourceDate "2012.04.07"]

1. d4 Nf6 2. Nc3 d5 3. Bg5 Nbd7 4. Nf3 g6 5. e3 Bg7 6. Bd3 O-O 7. O-O c5 8. Ne5
Nxe5 9. dxe5 Ng4 10. Be2 h6 11. Bh4 d4 12. exd4 cxd4 13. Nb5 Qb6 14. Bxe7 Re8
15. Bd6 Bxe5 16. Nc7 Qxd6 17. Nxe8 Bxh2+ 18. Kh1 Qf4 19. Bxg4 Bxg4 0-1

[Event "Karposh Open  2012"]
[Site "Skopje MKD"]
[Date "2012.04.13"]
[Round "8.49"]
[White "Vucko, Jozsef"]
[Black "Stosevski, Ilija"]
[Result "1-0"]
[WhiteElo "2054"]
[BlackElo "2168"]
[PlyCount "45"]
[EventDate "2012.04.07"]
[EventType "swiss"]
[EventRounds "9"]
[Source "lmi"]
[SourceDate "2012.04.07"]

1. c4 g6 2. Nc3 Bg7 3. d4 d6 4. e3 Nc6 5. Bd3 e5 6. d5 Nce7 7. Nge2 f5 8. O-O
Nf6 9. a4 O-O 10. a5 a6 11. f4 Kh8 12. Ng3 Neg8 13. Bc2 Ng4 14. Nce2 h5 15. h3
N4h6 16. Rb1 Qh4 17. Nh1 g5 18. g3 Qxh3 19. Nf2 g4 20. Nxh3 gxh3 21. Kh1 Ng4
22. Ng1 h4 23. Nxh3 1-0

[Event "Karposh Open  2012"]
[Site "Skopje MKD"]
[Date "2012.04.13"]
[Round "8.50"]
[White "Spirliadis, Achileas"]
[Black "Vladimirov, Vladimir"]
[Result "1-0"]
[WhiteElo "2053"]
[BlackElo "2162"]
[PlyCount "123"]
[EventDate "2012.04.07"]
[EventType "swiss"]
[EventRounds "9"]
[Source "lmi"]
[SourceDate "2012.04.07"]

1. e4 d6 2. d4 Nf6 3. Bd3 e5 4. c3 Nc6 5. Ne2 g6 6. O-O Bg7 7. Nd2 O-O 8. d5
Ne7 9. b4 Nh5 10. c4 f5 11. f3 Bh6 12. Nb3 Bxc1 13. Rxc1 f4 14. c5 Nf6 15. Qc2
Ne8 16. Bb5 Rf6 17. Bxe8 Qxe8 18. cxd6 cxd6 19. Qc7 b6 20. Nc3 Bd7 21. Rf2 g5
22. a4 Ng6 23. Rfc2 Nf8 24. Nb5 Qg6 25. Qb7 Re8 26. Qxa7 g4 27. Kh1 g3 28. Qxb6
Qh5 29. Qg1 Rh6 30. Nd2 Rb8 31. Nf1 Bxb5 32. axb5 Rxb5 33. Rc8 Rf6 34. R1c4 Rf7
35. Ra8 Kg7 36. Ra6 Rfb7 37. Rxd6 Rxb4 38. Rxb4 Rxb4 39. Qa7+ Qf7 40. Qa1 Ng6
41. Ra6 Kh6 42. Qc1 Qb7 43. Ra1 Rb2 44. hxg3 Qb5 45. gxf4 Nxf4 46. Ne3 Qe2 47.
Qe1 Qxe1+ 48. Rxe1 Nd3 49. Ra1 Kg5 50. d6 Kf6 51. Ra7 Ke6 52. Nf5 Nf4 53. Re7+
Kf6 54. d7 Rd2 55. Rxh7 Ng6 56. Ne3 Rd6 57. Nd5+ Kg5 58. Rg7 Kh6 59. Rf7 Kg5
60. Nc7 Nf4 61. Rxf4 Kxf4 62. d8=Q 1-0

[Event "Karposh Open  2012"]
[Site "Skopje MKD"]
[Date "2012.04.13"]
[Round "8.51"]
[White "Petkovski, Vlatko"]
[Black "Vasilevski, Igor"]
[Result "1-0"]
[WhiteElo "2160"]
[BlackElo "1850"]
[PlyCount "44"]
[EventDate "2012.04.07"]
[EventType "swiss"]
[EventRounds "9"]
[Source "lmi"]
[SourceDate "2012.04.07"]

1. c4 e5 2. Nc3 Nc6 3. g3 Nf6 4. Bg2 g6 5. e4 Bg7 6. Nge2 O-O 7. O-O d6 8. h3
Be6 9. d3 Qd7 10. Kh2 Ne7 11. f4 Qe8 12. Be3 Bd7 13. fxe5 dxe5 14. Bg5 Nh5 15.
g4 Nf4 16. Nxf4 exf4 17. Bxf4 c5 18. Bd6 Rc8 19. Rb1 Nc6 20. Bxf8 Qe5+ 21. Kh1
Bxf8 22. Nd5 Be6 1-0